000 00310nam a22001337a 4500
008 181005b xxu||||| |||| 00| 0 eng d
020 _a9780415089098
041 _aeng
080 _a101
100 _a24
101 _aFIL
245 _aPhilosophy & Theology in the Middle Ages
_cEvans, G.R
942 _2udc
_cBK
999 _c48898
_d48898